La Iliada

Guardat en:
Dades bibliogràfiques
Autor principal: Homero (autor)
Format: Llibre
Idioma:espanyol
Publicat: Santiago Andrés Bello 2010
Edició:16a. ed
Matèries:
Etiquetes: Afegir etiqueta
Sense etiquetes, Sigues el primer a etiquetar aquest registre!

MARC

LEADER 00000cam a2200000 a 4500
001 UCG9455
003 CL-VaPUC
008 120316e20100000CL |||||||||||||||||spa|d
020 |a 9789561310995 
082 0 4 |a 883  |b HOM  |2 21 
100 |a Homero   |e autor  |9 265577 
245 1 3 |a La Iliada 
250 |a 16a. ed 
300 |a 85 p 
942 |c BK 
945 |d 20120316 00:00:00  |a dcastane 
260 |a Santiago  |b Andrés Bello  |c 2010 
650 7 |a POESIAS EPICAS GRIEGAS  |2 CL-VaPUC  |9 265677 
583 |a last modification  |c 20120316 11:38:00  |k Rodrigo Vera 
999 |c 347007  |d 347005